[Event "DEM U10w 2021"]
[Site "Willingen GER"]
[Date "2021.08.26"]
[Round "7"]
[White "Fruth, Julia"]
[Black "Kühne, Malin"]
[Result "1-0"]
[Termination "normal"]
[Board "11"]
[WhiteElo "1007"]
[BlackElo "938"]
[WhiteClock "00:24:23"]
[BlackClock "00:19:28"]
[PlyCount "61"]
[WhiteFideId "34603050"]
[BlackFideId "34619747"]
[EventCountry "GER"]
[EventRounds "11"]
[EventType "swiss"]
[EventDate "2021.08.22"]

1. e4 {[%clk 01:15:57]} {[%emt 00:00:02]} e5 {[%clk 01:15:54]} {[%emt
00:00:07]} 2. Nf3 {[%clk 01:16:23]} {[%emt 00:00:04]} Nc6 {[%clk 01:16:15]}
{[%emt 00:00:08]} 3. d4 {[%clk 01:16:48]} {[%emt 00:00:05]} exd4 {[%clk
01:16:32]} {[%emt 00:00:13]} 4. Bc4 {[%clk 01:17:09]} {[%emt 00:00:08]} h6
{[%clk 01:13:30]} {[%emt 00:03:33]} 5. O-O {[%clk 01:13:05]} {[%emt 00:04:32]}
Bc5 {[%clk 01:13:36]} {[%emt 00:00:26]} 6. c3 {[%clk 01:13:19]} {[%emt
00:00:15]} dxc3 {[%clk 01:06:30]} {[%emt 00:07:36]} 7. Bxf7+ {[%clk 01:12:43]}
{[%emt 00:01:06]} Kxf7 {[%clk 00:59:46]} {[%emt 00:07:15]} 8. Qd5+ {[%clk
01:12:35]} {[%emt 00:00:37]} Kf8 {[%clk 00:58:28]} {[%emt 00:01:49]} 9. Qxc5+
{[%clk 01:12:46]} {[%emt 00:00:19]} Qe7 {[%clk 00:58:30]} {[%emt 00:00:28]} 10.
Qxc3 {[%clk 01:09:30]} {[%emt 00:03:43]} d6 {[%clk 00:52:37]} {[%emt 00:06:25]}
11. Re1 {[%clk 01:01:18]} {[%emt 00:08:41]} Nf6 {[%clk 00:49:55]} {[%emt
00:03:14]} 12. Nbd2 {[%clk 00:59:42]} {[%emt 00:02:04]} Bg4 {[%clk 00:47:11]}
{[%emt 00:03:16]} 13. Nh4 {[%clk 00:58:12]} {[%emt 00:01:58]} Qe8 {[%clk
00:45:55]} {[%emt 00:01:28]} 14. b3 {[%clk 00:56:01]} {[%emt 00:02:58]} d5
{[%clk 00:43:41]} {[%emt 00:02:46]} 15. Bb2 {[%clk 00:55:12]} {[%emt 00:01:19]}
dxe4 {[%clk 00:39:17]} {[%emt 00:04:54]} 16. Nxe4 {[%clk 00:54:00]} {[%emt
00:01:42]} Qf7 {[%clk 00:32:01]} {[%emt 00:07:45]} 17. Nxf6 {[%clk 00:46:59]}
{[%emt 00:07:32]} gxf6 {[%clk 00:30:00]} {[%emt 00:02:31]} 18. Qxf6 {[%clk
00:40:46]} {[%emt 00:06:43]} Qxf6 {[%clk 00:30:06]} {[%emt 00:00:25]} 19. Bxf6
{[%clk 00:40:54]} {[%emt 00:00:23]} Rg8 {[%clk 00:29:57]} {[%emt 00:00:37]} 20.
Re3 {[%clk 00:36:20]} {[%emt 00:05:00]} Kf7 {[%clk 00:29:31]} {[%emt 00:01:01]}
21. Bb2 {[%clk 00:34:52]} {[%emt 00:01:58]} Rad8 {[%clk 00:28:57]} {[%emt
00:00:57]} 22. Rg3 {[%clk 00:33:18]} {[%emt 00:02:08]} Be6 {[%clk 00:27:06]}
{[%emt 00:02:23]} 23. Rf3+ {[%clk 00:31:27]} {[%emt 00:02:21]} Ke7 {[%clk
00:25:09]} {[%emt 00:02:18]} 24. Bf6+ {[%clk 00:31:07]} {[%emt 00:00:57]} Ke8
{[%clk 00:24:34]} {[%emt 00:01:08]} 25. Bxd8 {[%clk 00:31:02]} {[%emt
00:00:36]} Nxd8 {[%clk 00:24:42]} {[%emt 00:00:20]} 26. Re1 {[%clk 00:27:03]}
{[%emt 00:04:26]} Ke7 {[%clk 00:23:59]} {[%emt 00:01:17]} 27. Nf5+ {[%clk
00:26:06]} {[%emt 00:01:24]} Kd7 {[%clk 00:21:23]} {[%emt 00:03:09]} 28. Rd3+
{[%clk 00:24:22]} {[%emt 00:02:12]} Kc8 {[%clk 00:19:44]} {[%emt 00:02:11]} 29.
Ne7+ {[%clk 00:24:17]} {[%emt 00:00:35]} Kb8 {[%clk 00:19:44]} {[%emt
00:00:30]} 30. Nxg8 {[%clk 00:24:23]} {[%emt 00:00:23]} Kc8 {[%clk 00:19:28]}
{[%emt 00:00:46]} 31. Ne7+ {[%clk 00:24:23]} {[%emt 00:00:30]} 1-0

[Event "DEM U10w 2021"]
[Site "Willingen GER"]
[Date "2021.08.26"]
[Round "7"]
[White "Mader, Theresa"]
[Black "Rößler, Helena"]
[Result "0-1"]
[Termination "normal"]
[Board "12"]
[WhiteElo "1078"]
[BlackElo "1123"]
[WhiteClock "00:40:14"]
[BlackClock "00:46:37"]
[PlyCount "132"]
[WhiteFideId "34605657"]
[BlackFideId "16266692"]
[EventCountry "GER"]
[EventRounds "11"]
[EventType "swiss"]
[EventDate "2021.08.22"]

1. e4 {[%clk 01:15:58]} {[%emt 00:00:01]} e5 {[%clk 01:15:58]} {[%emt
00:00:02]} 2. f4 {[%clk 01:16:20]} {[%emt 00:00:08]} exf4 {[%clk 01:14:48]}
{[%emt 00:01:40]} 3. Nf3 {[%clk 01:16:44]} {[%emt 00:00:07]} Nc6 {[%clk
01:14:44]} {[%emt 00:00:34]} 4. Bc4 {[%clk 01:16:54]} {[%emt 00:00:19]} Nf6
{[%clk 01:14:22]} {[%emt 00:00:52]} 5. Nc3 {[%clk 01:17:03]} {[%emt 00:00:21]}
Bc5 {[%clk 01:13:25]} {[%emt 00:01:27]} 6. d4 {[%clk 01:17:11]} {[%emt
00:00:22]} Bb4 {[%clk 01:12:36]} {[%emt 00:01:17]} 7. Qe2 {[%clk 01:17:07]}
{[%emt 00:00:37]} O-O {[%clk 01:12:29]} {[%emt 00:00:36]} 8. Bxf4 {[%clk
01:16:46]} {[%emt 00:00:51]} d6 {[%clk 01:12:20]} {[%emt 00:00:39]} 9. O-O
{[%clk 01:16:31]} {[%emt 00:00:45]} Bg4 {[%clk 01:12:29]} {[%emt 00:00:21]} 10.
Rad1 {[%clk 01:15:15]} {[%emt 00:01:47]} Re8 {[%clk 01:09:40]} {[%emt
00:03:19]} 11. h3 {[%clk 01:14:42]} {[%emt 00:01:02]} Bh5 {[%clk 01:09:42]}
{[%emt 00:00:29]} 12. Qd3 {[%clk 01:14:15]} {[%emt 00:00:57]} Bxc3 {[%clk
01:08:17]} {[%emt 00:01:55]} 13. Qxc3 {[%clk 01:13:53]} {[%emt 00:00:52]} Nxe4
{[%clk 01:07:23]} {[%emt 00:01:24]} 14. Qd3 {[%clk 01:13:03]} {[%emt 00:01:19]}
Qf6 {[%clk 01:05:35]} {[%emt 00:02:17]} 15. Bh2 {[%clk 01:11:57]} {[%emt
00:01:37]} Bg6 {[%clk 01:01:17]} {[%emt 00:04:48]} 16. Qb3 {[%clk 01:08:41]}
{[%emt 00:03:46]} Na5 {[%clk 00:57:10]} {[%emt 00:04:38]} 17. Qb4 {[%clk
01:06:24]} {[%emt 00:02:46]} Nxc4 {[%clk 00:56:26]} {[%emt 00:01:15]} 18. Qxc4
{[%clk 01:05:30]} {[%emt 00:01:23]} c5 {[%clk 00:51:51]} {[%emt 00:05:05]} 19.
Rfe1 {[%clk 00:59:33]} {[%emt 00:06:26]} cxd4 {[%clk 00:47:48]} {[%emt
00:04:34]} 20. Rxd4 {[%clk 00:57:34]} {[%emt 00:02:29]} Rac8 {[%clk 00:45:44]}
{[%emt 00:02:34]} 21. Qa4 {[%clk 00:54:15]} {[%emt 00:03:50]} Nc5 {[%clk
00:45:01]} {[%emt 00:01:13]} 22. Qc4 {[%clk 00:50:22]} {[%emt 00:04:23]} Ne6
{[%clk 00:41:23]} {[%emt 00:03:58]} 23. Qb4 {[%clk 00:45:22]} {[%emt 00:05:39]}
Nxd4 {[%clk 00:40:30]} {[%emt 00:01:23]} 24. Rxe8+ {[%clk 00:44:35]} {[%emt
00:01:17]} Rxe8 {[%clk 00:40:43]} {[%emt 00:00:17]} 25. Nxd4 {[%clk 00:44:20]}
{[%emt 00:00:45]} Re4 {[%clk 00:40:31]} {[%emt 00:00:42]} 26. Bg3 {[%clk
00:42:43]} {[%emt 00:02:08]} Qxd4+ {[%clk 00:40:19]} {[%emt 00:00:40]} 27. Qxd4
{[%clk 00:42:48]} {[%emt 00:00:25]} Rxd4 {[%clk 00:40:38]} {[%emt 00:00:13]}
28. Bf2 {[%clk 00:42:21]} {[%emt 00:00:57]} Rd1+ {[%clk 00:40:38]} {[%emt
00:00:28]} 29. Kh2 {[%clk 00:42:16]} {[%emt 00:00:36]} Rb1 {[%clk 00:40:42]}
{[%emt 00:00:26]} 30. Bd4 {[%clk 00:41:50]} {[%emt 00:00:56]} Bxc2 {[%clk
00:40:47]} {[%emt 00:00:25]} 31. a3 {[%clk 00:41:30]} {[%emt 00:00:50]} Be4
{[%clk 00:40:59]} {[%emt 00:00:18]} 32. g4 {[%clk 00:40:19]} {[%emt 00:01:41]}
Rh1+ {[%clk 00:41:11]} {[%emt 00:00:18]} 33. Kg3 {[%clk 00:40:34]} {[%emt
00:00:14]} Rb1 {[%clk 00:41:08]} {[%emt 00:00:34]} 34. Kh2 {[%clk 00:40:36]}
{[%emt 00:00:28]} g6 {[%clk 00:41:19]} {[%emt 00:00:19]} 35. Bf6 {[%clk
00:39:58]} {[%emt 00:01:08]} a6 {[%clk 00:41:32]} {[%emt 00:00:17]} 36. Kg3
{[%clk 00:39:59]} {[%emt 00:00:29]} d5 {[%clk 00:41:52]} {[%emt 00:00:10]} 37.
Kf4 {[%clk 00:39:39]} {[%emt 00:00:50]} Rf1+ {[%clk 00:42:10]} {[%emt
00:00:13]} 38. Ke5 {[%clk 00:39:32]} {[%emt 00:00:36]} Rf2 {[%clk 00:42:25]}
{[%emt 00:00:15]} 39. b4 {[%clk 00:39:28]} {[%emt 00:00:35]} Bg2 {[%clk
00:42:13]} {[%emt 00:00:41]} 40. h4 {[%clk 00:39:20]} {[%emt 00:00:38]} Re2+
{[%clk 00:41:08]} {[%emt 00:01:34]} 41. Kd4 {[%clk 00:39:11]} {[%emt 00:00:40]}
Rd2+ {[%clk 00:41:05]} {[%emt 00:00:33]} 42. Ke5 {[%clk 00:39:03]} {[%emt
00:00:38]} d4 {[%clk 00:41:20]} {[%emt 00:00:15]} 43. Bg5 {[%clk 00:39:00]}
{[%emt 00:00:34]} Rd1 {[%clk 00:41:29]} {[%emt 00:00:17]} 44. Kf4 {[%clk
00:38:39]} {[%emt 00:05:52]} d3 {[%clk 00:40:59]} {[%emt 00:00:17]} 45. Kg3
{[%clk 00:38:53]} {[%emt 00:00:16]} Bc6 {[%clk 00:41:16]} {[%emt 00:00:12]} 46.
Kf2 {[%clk 00:38:50]} {[%emt 00:00:33]} Kf8 {[%clk 00:41:01]} {[%emt 00:00:45]}
47. Bh6+ {[%clk 00:38:38]} {[%emt 00:00:42]} Ke7 {[%clk 00:41:23]} {[%emt
00:00:08]} 48. Bg5+ {[%clk 00:38:40]} {[%emt 00:00:29]} Ke6 {[%clk 00:41:42]}
{[%emt 00:00:10]} 49. Bf4 {[%clk 00:38:33]} {[%emt 00:00:37]} Kd5 {[%clk
00:42:02]} {[%emt 00:00:10]} 50. Be3 {[%clk 00:38:34]} {[%emt 00:00:30]} Kc4
{[%clk 00:42:22]} {[%emt 00:00:08]} 51. Bf4 {[%clk 00:38:35]} {[%emt 00:00:31]}
Kc3 {[%clk 00:42:40]} {[%emt 00:00:12]} 52. Be5+ {[%clk 00:38:36]} {[%emt
00:00:29]} Kc2 {[%clk 00:43:01]} {[%emt 00:00:09]} 53. Bf4 {[%clk 00:38:55]}
{[%emt 00:00:11]} d2 {[%clk 00:43:11]} {[%emt 00:00:20]} 54. Bxd2 {[%clk
00:39:12]} {[%emt 00:00:13]} Rxd2 {[%clk 00:43:32]} {[%emt 00:00:09]} 55. Ke3
{[%clk 00:39:27]} {[%emt 00:00:14]} Rh2 {[%clk 00:43:49]} {[%emt 00:00:13]} 56.
Kd4 {[%clk 00:39:36]} {[%emt 00:00:21]} Rxh4 {[%clk 00:44:08]} {[%emt
00:00:12]} 57. Ke5 {[%clk 00:39:42]} {[%emt 00:00:23]} Rxg4 {[%clk 00:44:28]}
{[%emt 00:00:11]} 58. Kf6 {[%clk 00:39:48]} {[%emt 00:00:23]} h5 {[%clk
00:44:51]} {[%emt 00:00:08]} 59. Kxf7 {[%clk 00:39:59]} {[%emt 00:00:18]} h4
{[%clk 00:45:13]} {[%emt 00:00:08]} 60. Kf6 {[%clk 00:40:17]} {[%emt 00:00:12]}
h3 {[%clk 00:45:36]} {[%emt 00:00:08]} 61. Ke5 {[%clk 00:39:08]} {[%emt
00:01:56]} h2 {[%clk 00:45:59]} {[%emt 00:00:07]} 62. Kf6 {[%clk 00:39:28]}
{[%emt 00:00:10]} h1=Q {[%clk 00:46:19]} {[%emt 00:00:10]} 63. Kg7 {[%clk
00:39:33]} {[%emt 00:00:25]} Rf4 {[%clk 00:46:15]} {[%emt 00:00:33]} 64. Kg8
{[%clk 00:39:47]} {[%emt 00:00:17]} Qd5+ {[%clk 00:46:30]} {[%emt 00:00:15]}
65. Kh7 {[%clk 00:40:03]} {[%emt 00:00:14]} Qf7+ {[%clk 00:46:37]} {[%emt
00:00:23]} 66. Kh8 {[%clk 00:40:14]} {[%emt 00:00:18]} Rh4# {[%emt 00:02:15]}
0-1

[Event "DEM U10w 2021"]
[Site "Willingen GER"]
[Date "2021.08.26"]
[Round "7"]
[White "Tu, Audrey"]
[Black "Bacakova, Klara"]
[Result "1/2-1/2"]
[Termination "normal"]
[Board "13"]
[WhiteElo "913"]
[BlackElo "955"]
[WhiteClock "00:14:14"]
[BlackClock "00:07:09"]
[PlyCount "99"]
[WhiteFideId "34628568"]
[BlackFideId "34605762"]
[EventCountry "GER"]
[EventRounds "11"]
[EventType "swiss"]
[EventDate "2021.08.22"]

1. e4 {[%clk 01:15:59]} c5 {[%clk 01:15:53]} {[%emt 00:00:08]} 2. Nc3 {[%clk
01:16:19]} {[%emt 00:00:10]} e6 {[%clk 01:15:24]} {[%emt 00:00:58]} 3. g3
{[%clk 01:16:26]} {[%emt 00:00:23]} g6 {[%clk 01:15:36]} {[%emt 00:00:16]} 4.
Bg2 {[%clk 01:16:34]} {[%emt 00:00:24]} Bg7 {[%clk 01:15:49]} {[%emt 00:00:15]}
5. Nf3 {[%clk 01:16:42]} {[%emt 00:00:25]} Ne7 {[%clk 01:09:33]} {[%emt
00:06:46]} 6. O-O {[%clk 01:15:24]} {[%emt 00:01:48]} O-O {[%clk 01:08:52]}
{[%emt 00:01:09]} 7. d4 {[%clk 01:13:57]} {[%emt 00:01:59]} cxd4 {[%clk
01:07:47]} {[%emt 00:01:33]} 8. Nxd4 {[%clk 01:12:57]} {[%emt 00:01:31]} Nbc6
{[%clk 01:04:26]} {[%emt 00:03:49]} 9. Nde2 {[%clk 01:12:14]} {[%emt 00:01:16]}
a6 {[%clk 00:51:04]} {[%emt 00:13:49]} 10. Re1 {[%clk 01:07:36]} {[%emt
00:05:11]} b5 {[%clk 00:48:27]} {[%emt 00:03:06]} 11. a3 {[%clk 01:04:39]}
{[%emt 00:03:27]} Bb7 {[%clk 00:48:04]} {[%emt 00:00:55]} 12. b3 {[%clk
01:01:26]} {[%emt 00:03:43]} b4 {[%clk 00:40:09]} {[%emt 00:08:24]} 13. axb4
{[%clk 01:00:51]} {[%emt 00:01:05]} Nxb4 {[%clk 00:39:25]} {[%emt 00:01:14]}
14. Ra4 {[%clk 00:56:44]} {[%emt 00:04:37]} Qb6 {[%clk 00:35:06]} {[%emt
00:04:48]} 15. Ba3 {[%clk 00:50:20]} {[%emt 00:06:57]} a5 {[%clk 00:22:02]}
{[%emt 00:13:34]} 16. Bxb4 {[%clk 00:47:39]} {[%emt 00:03:11]} axb4 {[%clk
00:19:57]} {[%emt 00:02:35]} 17. Rxa8 {[%clk 00:46:04]} {[%emt 00:02:05]} Rxa8
{[%clk 00:19:10]} {[%emt 00:01:16]} 18. Na4 {[%clk 00:45:03]} {[%emt 00:01:31]}
Qc7 {[%clk 00:14:39]} {[%emt 00:04:58]} 19. Qd2 {[%clk 00:40:37]} {[%emt
00:05:01]} d5 {[%clk 00:09:37]} {[%emt 00:05:31]} 20. Qxb4 {[%clk 00:34:11]}
{[%emt 00:06:57]} dxe4 {[%clk 00:09:27]} {[%emt 00:00:39]} 21. Bxe4 {[%clk
00:31:57]} {[%emt 00:02:44]} Bxe4 {[%clk 00:09:13]} {[%emt 00:00:44]} 22. Qxe4
{[%clk 00:31:45]} {[%emt 00:00:42]} Rc8 {[%clk 00:09:10]} {[%emt 00:00:34]} 23.
c4 {[%clk 00:30:24]} {[%emt 00:01:51]} Qa5 {[%clk 00:09:05]} {[%emt 00:00:35]}
24. Rb1 {[%clk 00:29:01]} {[%emt 00:01:52]} Qf5 {[%clk 00:08:26]} {[%emt
00:01:09]} 25. Qxf5 {[%clk 00:29:02]} {[%emt 00:00:30]} Nxf5 {[%clk 00:08:38]}
{[%emt 00:00:18]} 26. c5 {[%clk 00:27:30]} {[%emt 00:02:01]} Bf8 {[%clk
00:08:47]} {[%emt 00:00:21]} 27. b4 {[%clk 00:27:32]} {[%emt 00:00:29]} Ne7
{[%clk 00:08:44]} {[%emt 00:00:32]} 28. b5 {[%clk 00:27:23]} {[%emt 00:00:39]}
Nd5 {[%clk 00:09:02]} {[%emt 00:00:12]} 29. c6 {[%clk 00:27:04]} {[%emt
00:00:48]} Rb8 {[%clk 00:09:17]} {[%emt 00:00:15]} 30. Nec3 {[%clk 00:25:47]}
{[%emt 00:01:48]} Bd6 {[%clk 00:09:16]} {[%emt 00:00:30]} 31. Nxd5 {[%clk
00:25:30]} {[%emt 00:00:48]} exd5 {[%clk 00:09:40]} {[%emt 00:00:05]} 32. b6
{[%clk 00:25:23]} {[%emt 00:00:38]} d4 {[%clk 00:09:42]} {[%emt 00:00:27]} 33.
Rc1 {[%clk 00:24:24]} {[%emt 00:01:29]} Bc7 {[%clk 00:09:20]} {[%emt 00:00:53]}
34. bxc7 {[%clk 00:24:02]} {[%emt 00:00:52]} Rc8 {[%clk 00:09:42]} {[%emt
00:00:08]} 35. Rd1 {[%clk 00:22:59]} {[%emt 00:01:32]} Rxc7 {[%clk 00:09:55]}
{[%emt 00:00:16]} 36. Rxd4 {[%clk 00:23:03]} {[%emt 00:00:28]} Rxc6 {[%clk
00:10:19]} {[%emt 00:00:06]} 37. f4 {[%clk 00:22:39]} {[%emt 00:00:54]} Rc1+
{[%clk 00:10:35]} {[%emt 00:00:14]} 38. Kg2 {[%clk 00:22:15]} {[%emt 00:00:54]}
Rc2+ {[%clk 00:10:53]} {[%emt 00:00:10]} 39. Kh3 {[%clk 00:22:00]} {[%emt
00:00:46]} f5 {[%clk 00:11:09]} {[%emt 00:00:15]} 40. g4 {[%clk 00:21:47]}
{[%emt 00:00:42]} fxg4+ {[%clk 00:09:45]} {[%emt 00:01:53]} 41. Kg3 {[%clk
00:20:21]} {[%emt 00:01:58]} h5 {[%clk 00:09:43]} {[%emt 00:00:31]} 42. h3
{[%clk 00:19:58]} {[%emt 00:00:54]} gxh3 {[%clk 00:10:01]} {[%emt 00:00:11]}
43. Kxh3 {[%clk 00:20:10]} {[%emt 00:00:18]} Kh7 {[%clk 00:09:23]} {[%emt
00:01:08]} 44. Nb6 {[%clk 00:18:11]} {[%emt 00:02:29]} Rc3+ {[%clk 00:09:32]}
{[%emt 00:00:20]} 45. Kh4 {[%clk 00:17:48]} {[%emt 00:00:55]} Kh6 {[%clk
00:08:51]} {[%emt 00:01:08]} 46. Rd2 {[%clk 00:16:18]} {[%emt 00:02:03]} Rc5
{[%clk 00:07:54]} {[%emt 00:01:27]} 47. Nd7 {[%clk 00:14:40]} {[%emt 00:02:09]}
g5+ {[%clk 00:07:57]} {[%emt 00:00:26]} 48. fxg5+ {[%clk 00:14:33]} {[%emt
00:00:36]} Rxg5 {[%clk 00:08:04]} {[%emt 00:00:23]} 49. Rd6+ {[%clk 00:14:14]}
{[%emt 00:00:51]} Rg6 {[%clk 00:07:09]} {[%emt 00:01:23]} 50. Nf6 {[%emt
00:04:37]} 1/2-1/2

[Event "DEM U10w 2021"]
[Site "Willingen GER"]
[Date "2021.08.26"]
[Round "7"]
[White "Margaryan, Mane"]
[Black "Glotz, Katharina"]
[Result "0-1"]
[Termination "normal"]
[Board "14"]
[WhiteElo "893"]
[BlackElo "1081"]
[WhiteClock "00:55:42"]
[BlackClock "00:35:17"]
[PlyCount "137"]
[WhiteFideId "16268237"]
[BlackFideId "34631011"]
[EventCountry "GER"]
[EventRounds "11"]
[EventType "swiss"]
[EventDate "2021.08.22"]

1. d4 {[%emt 00:00:08]} Nf6 {[%clk 01:15:45]} {[%emt 00:00:09]} 2. c4 {[%clk
01:16:17]} {[%emt 00:00:11]} e5 {[%clk 01:15:59]} {[%emt 00:00:16]} 3. dxe5
{[%clk 01:16:08]} {[%emt 00:00:39]} Ng4 {[%clk 01:16:11]} {[%emt 00:00:17]} 4.
Nc3 {[%clk 01:15:23]} {[%emt 00:01:15]} Nxe5 {[%clk 01:16:04]} {[%emt
00:00:38]} 5. Bf4 {[%clk 01:15:14]} {[%emt 00:00:40]} Nxc4 {[%clk 01:15:12]}
{[%emt 00:01:20]} 6. b3 {[%clk 01:14:21]} {[%emt 00:01:25]} Nb6 {[%clk
01:14:44]} {[%emt 00:00:58]} 7. e3 {[%clk 01:14:03]} {[%emt 00:00:48]} Bc5
{[%clk 01:14:23]} {[%emt 00:00:51]} 8. Bd3 {[%clk 01:13:33]} {[%emt 00:01:01]}
O-O {[%clk 01:14:09]} {[%emt 00:00:43]} 9. Nf3 {[%clk 01:13:22]} {[%emt
00:00:41]} Nc6 {[%clk 01:13:16]} {[%emt 00:01:22]} 10. O-O {[%clk 01:13:10]}
{[%emt 00:00:45]} d6 {[%clk 01:10:14]} {[%emt 00:03:31]} 11. Rc1 {[%clk
01:12:19]} {[%emt 00:01:21]} Be6 {[%clk 01:06:00]} {[%emt 00:04:43]} 12. h3
{[%clk 01:10:55]} {[%emt 00:01:55]} Nd5 {[%clk 01:04:35]} {[%emt 00:01:55]} 13.
Nxd5 {[%clk 01:10:22]} {[%emt 00:01:02]} Bxd5 {[%clk 01:04:35]} {[%emt
00:00:29]} 14. Re1 {[%clk 01:09:25]} {[%emt 00:01:29]} Ba3 {[%clk 01:01:45]}
{[%emt 00:03:21]} 15. Rb1 {[%clk 01:06:54]} {[%emt 00:03:01]} Nb4 {[%clk
00:59:00]} {[%emt 00:03:14]} 16. Qe2 {[%clk 01:04:37]} {[%emt 00:02:47]} Bxf3
{[%clk 00:57:15]} {[%emt 00:02:14]} 17. gxf3 {[%clk 01:04:47]} {[%emt
00:00:21]} Nd5 {[%clk 00:57:14]} {[%emt 00:00:30]} 18. Qc2 {[%clk 01:03:06]}
{[%emt 00:02:12]} Bb4 {[%clk 00:56:53]} {[%emt 00:00:50]} 19. Rf1 {[%clk
01:02:40]} {[%emt 00:00:57]} Nxf4 {[%clk 00:56:54]} {[%emt 00:00:29]} 20. exf4
{[%clk 01:02:57]} {[%emt 00:00:13]} Re8 {[%clk 00:57:02]} {[%emt 00:00:23]} 21.
Qc4 {[%clk 01:02:22]} {[%emt 00:01:05]} Bc5 {[%clk 00:56:16]} {[%emt 00:01:14]}
22. Rfe1 {[%clk 01:02:06]} {[%emt 00:00:47]} Qh4 {[%clk 00:55:38]} {[%emt
00:01:06]} 23. Qc2 {[%clk 01:00:07]} {[%emt 00:02:29]} Qg3+ {[%clk 00:54:02]}
{[%emt 00:02:07]} 24. Kh1 {[%clk 00:59:38]} {[%emt 00:00:59]} Qxf3+ {[%clk
00:51:54]} {[%emt 00:02:40]} 25. Kg1 {[%clk 00:59:36]} {[%emt 00:00:31]} g6
{[%clk 00:51:51]} {[%emt 00:00:32]} 26. Be4 {[%clk 00:59:04]} {[%emt 00:01:02]}
Qxf4 {[%clk 00:51:26]} {[%emt 00:00:56]} 27. Bxb7 {[%clk 00:58:59]} {[%emt
00:00:35]} Rab8 {[%clk 00:51:32]} {[%emt 00:00:24]} 28. Bc6 {[%clk 00:58:31]}
{[%emt 00:00:58]} Re5 {[%clk 00:51:15]} {[%emt 00:00:46]} 29. Rxe5 {[%clk
00:58:24]} {[%emt 00:00:39]} Qxe5 {[%clk 00:51:14]} {[%emt 00:00:30]} 30. Bg2
{[%clk 00:57:58]} {[%emt 00:00:53]} Qd4 {[%clk 00:49:45]} {[%emt 00:02:02]} 31.
Rd1 {[%clk 00:57:31]} {[%emt 00:00:57]} Qb4 {[%clk 00:49:37]} {[%emt 00:00:37]}
32. Qd2 {[%clk 00:57:19]} {[%emt 00:00:44]} Qxd2 {[%clk 00:49:16]} {[%emt
00:00:50]} 33. Rxd2 {[%clk 00:57:40]} {[%emt 00:00:09]} Re8 {[%clk 00:48:45]}
{[%emt 00:00:59]} 34. Kf1 {[%clk 00:57:51]} {[%emt 00:00:21]} c6 {[%clk
00:48:29]} {[%emt 00:00:46]} 35. Re2 {[%clk 00:58:12]} {[%emt 00:00:10]} Rd8
{[%clk 00:48:11]} {[%emt 00:00:47]} 36. Bxc6 {[%clk 00:58:32]} {[%emt
00:00:11]} Bb4 {[%clk 00:48:10]} {[%emt 00:00:31]} 37. Bd5 {[%clk 00:58:35]}
{[%emt 00:00:27]} Rc8 {[%clk 00:48:00]} {[%emt 00:00:38]} 38. Re7 {[%clk
00:58:40]} {[%emt 00:00:27]} Rc1+ {[%clk 00:47:01]} {[%emt 00:01:29]} 39. Kg2
{[%clk 00:59:00]} {[%emt 00:00:10]} Rd1 {[%clk 00:47:11]} {[%emt 00:00:19]} 40.
Bxf7+ {[%clk 00:59:13]} {[%emt 00:00:19]} Kf8 {[%clk 00:47:21]} {[%emt
00:00:19]} 41. Rxa7 {[%clk 00:59:09]} {[%emt 00:00:35]} d5 {[%clk 00:47:20]}
{[%emt 00:00:30]} 42. a4 {[%clk 00:59:14]} {[%emt 00:00:26]} d4 {[%clk
00:47:18]} {[%emt 00:00:31]} 43. Bc4 {[%clk 00:58:50]} {[%emt 00:00:50]} d3
{[%clk 00:47:09]} {[%emt 00:00:43]} 44. Rf7+ {[%clk 00:58:36]} {[%emt
00:00:44]} Ke8 {[%clk 00:47:12]} {[%emt 00:00:26]} 45. Rxh7 {[%clk 00:57:58]}
{[%emt 00:01:10]} d2 {[%clk 00:47:20]} {[%emt 00:00:12]} 46. Be2 {[%clk
00:57:44]} {[%emt 00:00:52]} Re1 {[%clk 00:47:25]} {[%emt 00:00:24]} 47. Kf3
{[%clk 00:57:55]} {[%emt 00:00:21]} d1=Q {[%emt 00:00:42]} 48. Bxd1 {[%emt
00:00:11]} Rxd1 {[%clk 00:46:47]} {[%emt 00:00:14]} 49. Rh8+ {[%clk 00:57:41]}
{[%emt 00:00:44]} Kf7 {[%clk 00:46:53]} {[%emt 00:00:23]} 50. Ra8 {[%clk
00:57:44]} {[%emt 00:00:28]} Rd3+ {[%clk 00:46:57]} {[%emt 00:00:25]} 51. Kg2
{[%clk 00:57:56]} {[%emt 00:00:19]} Rxb3 {[%clk 00:47:03]} {[%emt 00:00:24]}
52. a5 {[%clk 00:58:12]} {[%emt 00:00:15]} Ra3 {[%clk 00:46:58]} {[%emt
00:00:34]} 53. a6 {[%clk 00:58:35]} {[%emt 00:00:08]} Bc5 {[%clk 00:46:50]}
{[%emt 00:00:37]} 54. f3 {[%clk 00:57:48]} {[%emt 00:01:16]} Ra2+ {[%clk
00:46:16]} {[%emt 00:01:06]} 55. Kg3 {[%clk 00:58:05]} {[%emt 00:00:14]} Kf6
{[%clk 00:43:28]} {[%emt 00:03:17]} 56. f4 {[%clk 00:57:31]} {[%emt 00:01:05]}
Kf5 {[%clk 00:42:48]} {[%emt 00:01:07]} 57. Rd8 {[%clk 00:57:40]} {[%emt
00:00:23]} Bf2+ {[%clk 00:40:59]} {[%emt 00:02:19]} 58. Kf3 {[%clk 00:57:38]}
{[%emt 00:00:32]} Bh4 {[%clk 00:39:37]} {[%emt 00:01:52]} 59. Rh8 {[%clk
00:57:13]} {[%emt 00:00:54]} Bf6 {[%clk 00:39:17]} {[%emt 00:00:51]} 60. Ra8
{[%clk 00:57:13]} {[%emt 00:00:31]} Bd4 {[%clk 00:39:28]} {[%emt 00:00:17]} 61.
Rf8+ {[%clk 00:56:53]} {[%emt 00:00:51]} Ke6 {[%clk 00:38:49]} {[%emt
00:01:09]} 62. Ke4 {[%clk 00:56:23]} {[%emt 00:00:57]} Bc5 {[%clk 00:38:26]}
{[%emt 00:00:56]} 63. Re8+ {[%clk 00:56:19]} {[%emt 00:00:35]} Kf7 {[%clk
00:37:51]} {[%emt 00:01:02]} 64. Re5 {[%clk 00:56:26]} {[%emt 00:00:26]} Ra4+
{[%clk 00:37:26]} {[%emt 00:00:54]} 65. Kd5 {[%clk 00:56:37]} {[%emt 00:00:19]}
Be7 {[%clk 00:34:53]} {[%emt 00:03:03]} 66. Re6 {[%clk 00:56:07]} {[%emt
00:01:01]} Ra5+ {[%clk 00:34:53]} {[%emt 00:00:29]} 67. Kc6 {[%clk 00:55:51]}
{[%emt 00:00:47]} Rxa6+ {[%clk 00:35:04]} {[%emt 00:00:18]} 68. Kd5 {[%clk
00:55:42]} {[%emt 00:00:38]} Rxe6 {[%clk 00:35:17]} {[%emt 00:00:18]} 69. Kd4
{[%clk 00:55:42]} {[%emt 00:00:30]} 0-1